01392cam a2200361 a 4500952015500000999001700155001000900172003000400181005001700185008004100202010001700243020001500260020001800275025003400293035002600327037006300353040001900416042001000435043001200445050002200457082002200479245010100501260007000602300002600672504005100698520005800749650003000807650002700837650003700864700003400901906004500935942005000980 00102ddc40708SOCIAL SCIENCEaMESbMEScSOCIAL SCIENCEd2019-02-20g595.00l0o305.488914 GHO/Bp39129r2019-02-20 00:00:00w2019-02-20yBKzGL41R1 c34940d3494015001640OSt20200101124519.0070801s2007 ii a b 001 0 eng  a 2007342732 a817824201X a9788178242019 aI-E-2007-342732; 61-92; 70-13 a(IN-NdUBS)UBS07001882 bLibrary of Congress -- New Delhi Overseas OfficecRs595.00 aDLCcoclcdDLC alcode aa-ii---00aHQ1742b.B44 2007 a305.488914bGHO/B00aBehind the Veil :bResistance, women, and the everyday in colonial South Asia /c Anindita Ghosh aDelhi :bPermanent Black :bDistributed by Orient Longman,c2007. a233 pbill. ;c22 cm. aIncludes bibliographical references and index. aContributed articles with special reference to India. 0aFeminismzIndiaxHistory. 0aWomenzIndiaxHistory. 0aWomenzIndiaxSocial conditions.1 aGhosh, Anindita,d1967-91010 a7bcbccorigoded3encipf20gy-gencatlg 2ddccBKh305.488914iGHO/Bk305.488914mGHO/B